International management : a strategic perspective (Record no. 185136)

MARC details
000 -LEADER
fixed length control field 00449nam a2200157Ia 4500
005 - DATE AND TIME OF LATEST TRANSACTION
control field 20250212141707.0
008 - FIXED-LENGTH DATA ELEMENTS--GENERAL INFORMATION
fixed length control field 231217s9999 xx 000 0 und d
020 ## - INTERNATIONAL STANDARD BOOK NUMBER
International Standard Book Number 9788131504123
082 ## - DEWEY DECIMAL CLASSIFICATION NUMBER
Classification number 658.1 CUL;1 R
100 ## - MAIN ENTRY--PERSONAL NAME
Personal name Cullen, John B. Parboteeah, Praveen K.
245 #0 - TITLE STATEMENT
Title International management : a strategic perspective
260 ## - PUBLICATION, DISTRIBUTION, ETC. (IMPRINT)
Date of publication, distribution, etc. 2005
Name of publisher, distributor, etc. Cengage learning
Place of publication, distribution, etc. New Delhi
300 ## - PHYSICAL DESCRIPTION
Extent 663
650 ## - SUBJECT ADDED ENTRY--TOPICAL TERM
Topical term or geographic name as entry element management,strategic
942 ## - ADDED ENTRY ELEMENTS (KOHA)
Koha item type Books
Holdings
Date last seen Total Checkouts Full call number Accession number Old discount Uniform Resource Identifier Cost, replacement price Price effective from Category Lost status Damaged status Department Withdrawn status bill no. bill date Permanent Location Current Location Shelving location Entry date Vendor Cost, normal purchase price Grants Currency symbol Conversion rate Discount Discount type
26/01/2024   658.1 CUL;1 R 58577 20 digital/contents/58578.pdf 346.40 26/01/2024 Books     Central Library   0910/1829 23/05/2014 Central Library Central Library Central Library 05/03/2010 Surya Infotainment Products Pvt. Ltd. 433.00 MBA RS 1 86.6 Rupees
26/01/2024   658.1 CUL;2 R1 58578 20 digital/contents/58578.pdf 346.40 26/01/2024 Books     Central Library   0910/1829 23/05/2014 Central Library Central Library Central Library 05/03/2010 Surya Infotainment Products Pvt. Ltd. 433.00 MBA RS 1 86.6 Rupees
26/01/2024   658.1 CUL;3 58579 20 digital/contents/58578.pdf 346.40 26/01/2024 Books     Central Library   0910/1829 23/05/2014 Central Library Central Library Central Library 05/03/2010 Surya Infotainment Products Pvt. Ltd. 433.00 MBA RS 1 86.6 Rupees
26/01/2024   658.1 CUL;4 58968 20 digital/contents/58578.pdf 346.40 26/01/2024 Books     Central Library   0910/1987 12/05/2014 Central Library Central Library Central Library 09/04/2001 Surya Infotainment Products Pvt. Ltd. 433.00 MBA RS 1 86.6 Rupees

© For any Suggestions or Query, please contact the library staff @ librarian@pes.edu or Phone: +9180 2672 1983/ 2108.